00577nam a2200193 a 450000100100000000500170001000800410002702000150006804000250008308200190010810000310012724500530015826000400021130000280025149000190027965000310029865000350032983000190036400003407920200930070745.0110923s2006 dr a 000 f spa d a9993456039 aDO-SdBNPbspacBNPHU aRD863.5bT676l1 aToral, Juan Carlos,d1966-13aUn laberinto en el armario /cJuan Carlos Toral. aBogotá, Colombia :bNorma,c2006. a106 p. :bil. ;c19 cm.1 aTorre de papel 4aNovela infantil dominicana 4aLiteratura infantil dominicana 0aTorre de papel